000 01630cam a22004814i 4500
003 PE-LiUPU
005 20250731173458.0
008 150616s r 000 0 d
020 _a0802485901
035 _a(Sirsi) i9780802485908
040 _aPE-LiUPU
_bspa
_cPE-LiUPU
_erda
049 _aPRUA
082 0 4 _a270.9
_bC63
_221
100 1 _aClouse, Robert G.,
_eautor.
245 1 0 _aTwo Kingdoms; the Church and culture through the ages.
264 1 _aChicago :
_bMoody Press,
_c1993.
300 _a672 páginas :
_bIlustraciones ;
_c23 centímetros
336 _atext
_2rdacontent
337 _aunmediated
_2rdamedia
338 _avolume
_2rdacarrier
505 0 _aThe early and medieval Church -- The reformed and revived Church -- The advancing and global Church Church.
526 _aSEG42
526 _aSEG41
526 _aSEG40
526 _aSEG39
526 _aP94
526 _aP87
526 _aP86
526 _aP85
526 _aP77
526 _aP76
526 _aP35
650 0 4 _aIGLESIA - HISTORIA - SIGLO I-XX.
700 1 _aPierard, Richard V.,
_eeditor.
700 1 _aYamauchi, Edwin M.,
_eeditor.
910 _ajck
_bjvq
_cjck
942 _2ddc
_cBOOK
949 _a270.9 C63
_wDEWEY
_c1
_i40165
_lCCODEBUL1
_mBUL
_r0
_sY
_tBOOK
_u2015-6-16
_xTEOLOGIA
_zUNKNOWN
_0COMPRA
_o.STAFF. Colección General
994 _aC0
_bPEPRU
596 _a1
999 _a270.9 C63
_wDEWEY
_c57957
_i40165
_f2021-11-11
_g5
_lCCODEBUL1
_mBUL
_r0
_sY
_tBOOK
_u2015-6-16
_xTEOLOGIA
_zUNKNOWN
_0COMPRA
_o.STAFF. Colección General
_d57957
980 _81
_gALBERTO SANCHEZ Responsable de Automatización